Les jeux Pokémon - Statistiques

Statistiques générales
  • Ce quiz a été pris 255 fois
    71 depuis la dernière actualisation
  • Le résultat moyen est 32 sur 39
Statistiques - réponses
Hint Réponse % Correct
Bleu
100%
Game Boy Rouge
100%
Jaune
98%
Noir
96%
Blanc
95%
Nintendo DS Diamant
95%
Game Boy Color Or
91%
Argent
89%
Game Boy Advence Rubis
89%
Saphir
89%
Perle
87%
Blanc 2
85%
Lune
85%
Noir 2
85%
Platine
85%
Soleil
85%
Bouclier
84%
Émeraude
84%
Épée
84%
Nintendo 3DS X
84%
Y
84%
Rubis Omega
80%
Let's Go Évoli
78%
Saphir Alpha
78%
Ultra-Lune
78%
Ultra-Soleil
78%
Vert Feuille
78%
Switch Let's Go Pikachu
76%
Rouge Feu
76%
Légendes Pokémon : Arceus
73%
Écarlate
71%
Violet
71%
Légendes Pokémon : ZA
67%
Switch 2 Légendes Pokémon : ZA
67%
Cristal
65%
Diamant Étincelant
62%
Perle Scintillante
60%
Argent SoulSilver
58%
Or HeartGold
58%
Aucun quiz correspondant
Distribution des résultats
% des personnes avec chaque résultat
Percentile par nombre de réponses
Votre historique - résultats
Vous n’avez pas pris ce quiz depuis la dernière actualisation